000 01069nam a2200289 i 4500
003 DO-SdBNP
005 20230705084739.0
006 a||||gr|||| 00| 0
007 ta
008 230704t2022 dr ahc|| |||| 00| e spa d
020 _a9789945634129
020 _a9789945634136 (online)
040 _aDO-SdBNP
_bspa
_cBNPHU
_erda
082 4 _222
_bG731g
100 1 _969157
_aGarcía Muñiz, Humberto
245 1 0 _aGarveyismo y racismo en el Caribe:
_bel caso de la población cocola en la República Dominicana. /
_cHumberto García Muñiz, Jorge L. Giovannetti-Torres
264 4 _aSanto Domingo :
_bInstituto Nacional de Migración,
_bBanco de Reservas,
_c©2022
300 _a273 páginas :
_bIlustraciones, facsímil, retratos ;
_c23 cm
336 _2rdaconten
_atexto
_btxt
337 _2rdamedia
_asin medición
_bn
338 _2rdacarrier
_avolumen
_bnc
490 _aClásicos de la Migración Dominicana
500 _aIncluye índice onomástico
590 _aInventariado 2023 / MF
700 1 _aGiovannetti-Torres, Jorge L.
_983692
942 _2ddc
_cLBS1
999 _c54078
_d54078